000 00467nam a22001937a 4500
003 MPLRDC
005 20220104144525.0
008 210129b ||||| |||| 00| 0 eng d
020 _a7-80601-467-5
082 _a719 XRX v.1
100 _a徐仁修
245 _a大湖悲歌
_c
250 _a初版
260 _a
_b辽宁画报出版社
_c2001
300 _b
490 _a风情之旅. 1: 尼加拉瓜
650 _a世界游记
942 _cBK
_o719 XRX v.1
999 _c50446
_d50436